| 000 | 00882nam a2200205 i 4500 | ||
|---|---|---|---|
| 001 | 155519 | ||
| 003 | ES-MaACL | ||
| 005 | 20250901063129.0 | ||
| 008 | 040721s1837 sp |||| | spa d | ||
| 040 |
_aCAM _bspa _cCAM |
||
| 100 | 1 |
_aHolbach, Paul Henri Dietrich, _cbaron d', _d1723-1789 _9156990 |
|
| 245 | 1 | 0 |
_aPrincipios de moral universal o Manual de los deberes del hombre, fundados en su naturaleza / _cobra póstuma del Baron de Holbach ; traducida por M.L.C. |
| 246 | 3 | 3 | _aManual de los deberes del hombre fundados en su naturaleza |
| 260 |
_aMadrid : _b[s.n.], _c1837 ( _fImp. del Patriota) |
||
| 300 |
_a116 p. ; _c15 cm. |
||
| 650 | 0 | 7 |
_aÉtica _2embne _912577 |
| 740 | 0 | _aManual de los deberes del hombre fundados en su naturaleza. | |
| 852 |
_aES-MaACL _jD-3883 _z. - Enc. hol. deteriorada _z. - Legado de Modesto de la Fuente |
||
| 999 |
_c155519 _d155519 |
||